000
00330nam a2200133Ia 4500
008
220204s9999 xx 000 0 und d
082
_a
330.115
_b
WON
100
_a
WONNACOTT, Ronald T
245
0
_a
Econometrics
260
_a
New York
_b
John Wiley
_c
1970
650
_a
Econometrics
700
_a
WONNACOTT, Thomas H
942
_c
BK
999
_c
22680
_d
22680